| 000 | 00738 a2200253 4500 | ||
|---|---|---|---|
| 003 | OSt | ||
| 005 | 20180116192344.0 | ||
| 008 | 120531t xxu||||| |||| 00| 0 eng d | ||
| 010 | _a 2002113120 | ||
| 020 | _a0873495101 | ||
| 020 | _a9780873495103 | ||
| 035 | _a(DLC) 2002113120 | ||
| 040 | _c0 | ||
| 082 | 0 | 4 | _a746.44 |
| 100 | 1 |
_aBarnden, Betty, _92920 |
|
| 245 | 1 | 4 |
_aThe embroidery stitch bible / _cBetty Barnden. |
| 260 |
_aIola, WI : _bKrause Publications, _cc2003. |
||
| 300 |
_a256 p. : _bcol. ill. ; _c21 cm. |
||
| 500 | _aIncludes index. | ||
| 650 | 0 |
_aEmbroidery. _92921 |
|
| 650 | 0 |
_aStitches (Sewing). _92922 |
|
| 942 |
_aSADA _cBK _k746.44 BAR 2003 _2ddc |
||
| 999 |
_c352755 _d352755 |
||